Normal view
MARC view
Entry Personal Name
001 - CONTROL NUMBER
- control field: 24766
003 - CONTROL NUMBER IDENTIFIER
- control field: dpl
005 - DATE AND TIME OF LATEST TRANSACTION
- control field: 20101214112504.0
008 - FIXED-LENGTH DATA ELEMENTS
- fixed length control field: 101214|||a|||||| | ||| d
040 ## - CATALOGING SOURCE
- Original cataloging agency: dpl
- Transcribing agency: dpl
100 ## - HEADING--PERSONAL NAME
- Personal name: महांती, गोपीनाथ
670 ## - SOURCE DATA FOUND
- Source citation: Work cat.: (dpl)48563: महांती, गोपीनाथ, अमृत-सन्तान / , 2007( पु.मु.)
670 ## - SOURCE DATA FOUND
- Source citation: Work cat.: (dpl)48563: महांती, गोपीनाथ, अमृत-सन्तान / , 2007( पु.मु.)
